000
00235nam a22000857a 4500
008
230211b ||||| |||| 00| 0 eng d
100
_a
Firby, Charles G
245
_a
Rarities of Philatelic Literature (Dec 1997)
650
_a
Rarities|Reference
999
_c
3495
_d
3495